Contruction navale

Saved in:
Bibliographic Details
Format: Book
Language:Undetermined
Published: Paris Institut National de la Statistique et des Etudes Economiques 1971
Subjects:
Tags: Add Tag
No Tags, Be the first to tag this record!
Institutions: Trung tâm Học liệu Trường Đại học Cần Thơ
LEADER 00454nam a2200169Ia 4500
001 CTU_96473
008 210402s9999 xx 000 0 und d
082 |a 338 
082 |b C746 
245 0 |a Contruction navale 
260 |a Paris 
260 |b Institut National de la Statistique et des Etudes Economiques 
260 |c 1971 
650 |a Industries 
650 |z France 
904 |i M.Loan 
980 |a Trung tâm Học liệu Trường Đại học Cần Thơ